Electric arc synthesis of lanthanum hexaboride; Химия и химическая технология в XXI веке; Т. 2

Chi tiết về thư mục
Parent link:Химия и химическая технология в XXI веке: материалы XXVI Международной научно-практической конференции студентов и молодых ученых имени выдающихся химиков Л. П. Кулёва и Н. М. Кижнера, посвященной 125-летию со дня рождения профессора Л. П. Кулёва, 19-23 мая 2025 г., г. Томск/ Национальный исследовательский Томский политехнический университет.— .— Томск: Изд-во ТПУ, 2025
Т. 2.— 2025.— С. 143-144
Tác giả chính: Spodina A. V. Anastasiya Vyacheslavovna
Tác giả khác: Svinukhova A. A. Arina Andreevna (научный руководитель), Vasiljeva (Vassilyeva) Yu. Z. Yuliya Zakharovna (переводчик)
Tóm tắt:Заглавие с экрана
Текстовый файл
Ngôn ngữ:Tiếng Anh
Được phát hành: 2025
Những chủ đề:
Truy cập trực tuyến:http://earchive.tpu.ru/handle/11683/135315
Định dạng: MixedMaterials Điện tử Chương của sách
KOHA link:https://koha.lib.tpu.ru/cgi-bin/koha/opac-detail.pl?biblionumber=684981

MARC

LEADER 00000naa2a2200000 4500
001 684981
005 20260325164431.0
090 |a 684981 
100 |a 20260217d2025 k||y0rusy50 ba 
101 0 |a eng 
102 |a RU 
135 |a drcn ---uucaa 
200 1 |a Electric arc synthesis of lanthanum hexaboride  |f A. V. Spodina  |g Scientific supervisor A. A. Svinukhova, Linguist Yu. Z. Vasilyeva 
300 |a Заглавие с экрана 
320 |a Список литературы: 5 назв 
336 |a Текстовый файл 
461 1 |0 684476  |9 684476  |t Химия и химическая технология в XXI веке  |o материалы XXVI Международной научно-практической конференции студентов и молодых ученых имени выдающихся химиков Л. П. Кулёва и Н. М. Кижнера, посвященной 125-летию со дня рождения профессора Л. П. Кулёва, 19-23 мая 2025 г., г. Томск  |f Национальный исследовательский Томский политехнический университет  |c Томск  |d 2025  |n Изд-во ТПУ 
463 1 |0 684479  |9 684479  |t Т. 2  |d 2025  |v С. 143-144  |u conference_tpu-2025-C27_V2.pdf 
545 1 |a Химия и химическая технология на иностранном языке (английский) 
610 1 |a труды учёных ТПУ 
610 1 |a электронный ресурс 
610 1 |a electric arc synthesis 
610 1 |a lanthanum hexaboride 
700 1 |a Spodina  |b A. V.  |g Anastasiya Vyacheslavovna  |f 2006-  |c Senior laboratory assistant, technician of Tomsk Polytechnic University  |9 88987 
702 1 |a Svinukhova  |b A. A.  |c specialist in the field of electric power engineering  |c Engineer of Tomsk Polytechnic University  |f 1999-  |g Arina Andreevna  |4 727 
702 1 |a Vasiljeva (Vassilyeva)  |b Yu. Z.  |c specialist in the field of electric power engineering  |c Researcher, Associate Professor of Tomsk Polytechnic University, Candidate of Technical Sciences  |f 1995-  |g Yuliya Zakharovna  |4 730 
801 0 |a RU  |b 63413507  |c 20260217  |g RCR 
850 |a 63413507 
856 4 0 |u http://earchive.tpu.ru/handle/11683/135315  |z http://earchive.tpu.ru/handle/11683/135315 
942 |c CF